000 00857nam a2200181Ia 4500
001 8705
003 GE_BSU
008 181216s||||||||xx |||||||||||||| ||und||
040 _cGE_BSU
245 _aგადასახადები & აღრიცხვა.№3.2014.
245 _bკანონმდებლობის მიმოხილვა,აღრიცხვა,ოფიციალური მასალები,ექსპერტის კონსულტაცია.
245 _cექსპერტები:გონერ ურდია,ჯემალ ძაგნიძე, მაია ნასარაია,და სხვ.
260 _aთბილისი
260 _c2014
300 _a54გვ.29სმ.
653 _aგადასახადები & აღრიცხვა.
942 _cCR
999 _c42017
_d42017